[Event "Eq:Avalon-au plaisir du jeux  :"]
[Site "www.echecsemail.com"]
[Date "2026.02.01"]
[Round "1"]
[White "Di67"]
[Black "Estrafolis"]
[WhiteElo "1390"]
[BlackElo "1610"]
[Result "0-1"]
1.e4 c5
2.Bf1c4 e6
3.Ng1f3 Nb8c6
4.d3 Ng8f6
5.Bc1g5 Bf8e7
6.O-O d5
7.exd5 Nf6xd5
8.Bg5e3 Nd5xe3
9.fxe3 Nc6a5
10.Bc4b5 Bc8d7
11.Nb1c3 O-O
12.Bb5xd7 Qd8xd7
13.d4 cxd4
14.Nf3xd4 Na5c4
15.Qd1c1 Be7c5
16.Nc3d1 Bc5xd4
17.c3 Bd4c5
18.b3 Nc4e5
19.Qc1b2 Qd7d3
20.c4 Ne5g4
21.Nd1f2 Bc5xe3
22.Ra1d1 Be3xf2
23.Kh1 Qd3e3
24.h3 Qe3h6
25.Qb2e2 f5
26.Rf1xf2 Ng4xf2
27.Qe2xf2 Rf8d8
28.Rd1e1 a6
29.Qf2f3 Ra8b8
30.Qf3f1 Rd8d2
31.a3 Rb8d8
32.Kh2 Qh6h5
33.c5 Rd2d1
34.a4 Rd1xe1
35.Qf1xe1 Qh5e8
36.Qe1b4 Qe8d7
37.Qb4a5 Rd8c8
38.b4 Qd7c7
39.Qa5xc7 Rc8xc7
40.a5 Kf7
41.h4 Rc7d7
42.g3 Rd7d4
43.Kh3 Rd4xb4
44.h5 Rb4a4
45.c6 bxc6
46.g4 Ra4xa5
47.Kh4 h6
48.g5 Ra5a4
49.Kh3 hxg5
50.Kg3 Ra4d4
51.h6 gxh6
52.Kf3 a5
53.Ke3 e5
54.Kf3 a4
55.Ke3 a3
{ abandon }0-1

[Event "Jean 8"]
[Site "www.echecsemail.com"]
[Date "2026.02.01"]
[Round "1"]
[White "Woluwe1975"]
[Black "4x4"]
[WhiteElo "1640"]
[BlackElo "1450"]
[Result "1-0"]
1.e4 e5
2.Nb1c3 d6
3.Ng1f3 Bc8g4
4.Bf1c4 Nb8c6
5.Nf3xe5 Bg4xd1
6.Bc4xf7 Ke7
7.Nc3d5 1-0

[Event "Coupe Niveau 1"]
[Site "www.echecsemail.com"]
[Date "2026.02.01"]
[Round "1"]
[White "Samjf"]
[Black "4x4"]
[WhiteElo "1300"]
[BlackElo "1440"]
[Result "1/2-1/2"]
1.e4 e5
2.Bf1d3 d6
3.Ng1f3 Nb8c6
4.O-O Bc8g4
5.Bd3e2 Ng8f6
6.d3 Qd8d7
7.Nb1c3 O-O-O
8.Nc3b5 a6
9.Nb5c3 Bf8e7
10.Qd1d2 Kb8
11.Nc3d5 Nf6xd5
12.exd5 Nc6d4
13.Nf3xd4 exd4
14.f3 Bg4h5
15.b3 Be7f6
16.Qd2a5 Qd7e7
17.Bc1b2 Qe7e5
18.Ra1e1 Bf6h4
19.g3 Bh4xg3
20.f4 Bh5xe2
21.fxe5 Bg3xe1
22.Qa5xe1 Be2xf1
23.Kxf1 Rh8e8
24.Bb2xd4 c5
25.Bd4f2 Re8xe5
26.Qe1a5 Rd8e8
27.c4 Re5f5
28.Qa5d2 h6
29.b4 b6
30.bxc5 dxc5
31.a4 g5
32.Qd2b2 Kb7
33.a5 b5
34.cxb5 Re8d8
35.Ke1 Rd8e8
36.Kd1 Rf5xd5
37.bxa6 Kc7
38.Qb2b6 Kd7
39.Qb6b7 Ke6
40.Qb7c6 Rd5d6
41.Qc6xe8 Kf6
42.a7 Rd6a6
43.a8Q Ra6xa8
44.Qe8xa8 Kf5
45.Qa8d5 Kg6
46.Qd5xc5 f5
47.a6 Kh5
48.Qc5xf5 1/2-1/2

[Event "Défi"]
[Site "www.echecsemail.com"]
[Date "2026.02.01"]
[Round "1"]
[White "Petain"]
[Black "Roschecx"]
[WhiteElo "1740"]
[BlackElo "1620"]
[Result "1/2-1/2"]
1.e4 c5
2.Bf1c4 e6
3.Ng1f3 d6
4.a3 Nb8d7
5.d3 Ng8f6
6.h3 Bf8e7
7.c3 h6
8.O-O O-O
9.b4 b6
10.Bc1e3 Bc8b7
11.bxc5 bxc5
12.Qd1b3 Ra8b8
13.Qb3d1 e5
14.Nf3h2 a5
15.f4 exf4
16.Be3xf4 Bb7c6
17.Nb1d2 Nd7b6
18.Bc4a2 a4
19.Nh2g4 Nf6xg4
20.Qd1xg4 Kh7
21.Nd2f3 Bc6d7
22.Qg4g3 Bd7c6
23.Qg3f2 Nb6d7
24.Qf2e3 Be7f6
25.Ra1c1 Nd7b6
26.Nf3h2 Rb8c8
27.d4 cxd4
28.cxd4 Bc6b5
29.Rf1e1 Rc8xc1
30.Re1xc1 Qd8d7
31.d5 Rf8c8
32.Qe3xb6 Rc8xc1
33.Bf4xc1 Bf6d8
34.Qb6f2 Bd8c7
35.Qf2d4 f6
36.Ba2b1 Kg8
37.Nh2f3 Qd7d8
38.Qd4d2 Bc7a5
39.Qd2b2 Bb5d7
40.Bc1d2 Ba5b6
41.Kh1 Qd8c7
42.Nf3h4 Kf7
43.Nh4f5 Bd7xf5
44.exf5 Qc7c5
45.Qb2c1 Qc5xd5
46.Bd2e3 Bb6xe3
47.Qc1xe3 Qd5d1
48.Qe3g1 Qd1d5
49.Bb1c2 Qd5c6
50.Qg1a7 Kg8
51.Bc2xa4 Qc6c1
52.Kh2 Qc1f4
53.Kh1 Qf4f1
54.Qa7g1 Qf1xf5
55.Ba4b3 Kf8
56.a4 d5
57.Qg1c5 Ke8
58.a5 Qf5b1
59.Kh2 Qb1xb3
60.Qc5c8 Kf7
61.Qc8d7 Kg6
62.a6 Qb3b8
63.Kh1 Qb8b1
64.Kh2 Qb1b8
65.Kg1 Qb8b6
66.Kh2 Qb6xa6
67.Qd7xd5 Qa6c8
68.Qd5d3 Kf7
69.Qd3b3 Qc8e6
70.Qb3b7 Qe6e7
71.Qb7d5 Kf8
72.Qd5a8 Kf7
{ nul }1/2-1/2

[Event "Défi"]
[Site "www.echecsemail.com"]
[Date "2026.02.01"]
[Round "1"]
[White "Gambitmiau"]
[Black "Claudius94"]
[WhiteElo "1400"]
[BlackElo "1870"]
[Result "1-0"]
1.e4 e5
2.Bf1c4 Ng8f6
3.Qd1f3 c6
4.a3 d5
5.exd5 Nf6xd5
6.Ng1e2 Bc8e6
7.d3 Bf8e7
8.O-O Be7d6
9.Nb1c3 Nd5xc3
10.Ne2xc3 Be6xc4
11.dxc4 Nb8d7
12.Rf1e1 O-O
13.Nc3e4 Qd8c7
14.Bc1e3 f5
15.Ne4xd6 Qc7xd6
16.Ra1d1 Qd6c7
17.Rd1d3 e4
18.Be3f4 Qc7c8
19.Qf3g3 exd3
20.cxd3 Rf8e8
21.Re1d1 Nd7c5
22.h3 Nc5b3
23.d4 Nb3a5
24.c5 Qc8e6
25.Bf4e5 g6
26.Rd1e1 Na5c4
27.Kh2 Nc4xe5
28.Re1xe5 Qe6c4
29.Re5xf5 Qc4xd4
30.Qg3b3 Kh8
31.Rf5f3 Qd4xc5
32.Rf3f7 b6
33.Qb3f3 Re8f8
34.Qf3f6 Kg8
35.Qf6g7 1-0

[Event "Tournoi n27427"]
[Site "www.echecsemail.com"]
[Date "2026.02.01"]
[Round "1"]
[White "Hermite"]
[Black "Wenoketo"]
[WhiteElo "1550"]
[BlackElo "1720"]
[Result "0-1"]
1.e4 c6
2.Ng1f3 e6
3.Bf1e2 d5
4.Nb1c3 dxe4
5.Nc3xe4 Nb8d7
6.d3 Ng8f6
7.Bc1g5 Bf8e7
8.O-O Nf6xe4
9.dxe4 Be7xg5
10.Qd1d3 Bg5e7
11.Ra1d1 O-O
12.e5 Qd8c7
13.Qd3e4 Nd7b6
14.Be2d3 g6
15.Rf1e1 Nb6d5
16.Re1e3 Nd5xe3
17.Rd1d2 Ne3f5
18.Qe4g4 Kh8
19.Bd3xf5 exf5
20.Qg4c4 b5
21.h3 bxc4
22.c3 Bc8b7
{ abandon }0-1

[Event "CHATURANGA"]
[Site "www.echecsemail.com"]
[Date "2026.02.01"]
[Round "1"]
[White "Mindthegap"]
[Black "Woluwe1975"]
[WhiteElo "1460"]
[BlackElo "1640"]
[Result "0-1"]
1.e4 e5
2.Ng1f3 Ng8f6
3.Bf1c4 d5
4.Bc4b3 Bf8d6
5.Nf3g5 O-O
6.d4 c6
7.Nb1c3 h6
8.h4 Bc8e6
9.dxe5 Bd6xe5
10.Nc3a4 Nf6xe4
11.Ng5xe4 dxe4
12.Qd1xd8 Rf8xd8
13.Bb3xe6 fxe6
14.Na4c5 Nb8a6
15.Nc5xe6 Rd8e8
16.Ne6g5 hxg5
17.hxg5 g6
18.Rh1h6 Kg7
19.c3 Re8h8
{ abandon }0-1

[Event "Défi( 10J+24H/c 10J Max )"]
[Site "www.echecsemail.com"]
[Date "2026.02.01"]
[Round "1"]
[White "Abelito"]
[Black "Temistocles"]
[WhiteElo "1540"]
[BlackElo "1480"]
[Result "1-0"]
1.e4 Nb8c6
2.Nb1c3 d6
3.Bf1c4 g6
4.d4 Bf8g7
5.Ng1f3 f5
6.Bc1f4 h6
7.a3 g5
8.Bf4d2 Bg7xd4
9.O-O g4
10.Nf3h4 a6
11.Nh4g6 Rh8h7
12.Ng6f4 Ng8f6
13.Rf1e1 fxe4
14.Nc3xe4 Bd4xb2
15.Ra1b1 Bb2e5
16.Nf4e6 Bc8xe6
17.Bc4xe6 Nf6xe4
18.Qd1xg4 Ne4g5
19.Qg4h5 Ng5f7
20.c3 b6
21.Bd2xh6 Be5xc3
22.Qh5g6 Nc6e5
23.Qg6g8 1-0

[Event "Eq:fouschess-Les enfants de l Atlantide :"]
[Site "www.echecsemail.com"]
[Date "2026.02.01"]
[Round "1"]
[White "Capitaine"]
[Black "Tizi"]
[WhiteElo "2390"]
[BlackElo "1740"]
[Result "1-0"]
1.e4 e5
2.Ng1f3 Nb8c6
3.d4 exd4
4.Nf3xd4 Qd8f6
5.Bc1e3 Bf8c5
6.c3 a6
7.g3 Ng8e7
8.Bf1g2 O-O
9.Nd4xc6 Bc5xe3
10.Nc6xe7 Kh8
11.fxe3 Qf6xe7
12.O-O d6
13.Nb1d2 c6
14.Nd2c4 Bc8e6
15.Qd1xd6 Qe7g5
16.Qd6d3 Rf8d8
17.Qd3e2 Be6xc4
18.Qe2xc4 Qg5xe3
19.Kh1 f6
20.Ra1d1 Rd8e8
21.Qc4d4 Qe3e2
22.Rd1d2 Qe2b5
23.Rf1d1 h6
24.Qd4d7 Ra8b8
25.Qd7f7 c5
26.Rd2d7 Re8g8
27.e5 Rb8f8
28.Qf7g6 fxe5
29.Bg2e4 Rf8f1
30.Kg2 Rf1f2
31.Kxf2 Rg8f8
32.Ke3 Rf8f3
33.Kxf3 Kg8
34.Qg6xg7 1-0

[Event "Tournoi n27437"]
[Site "www.echecsemail.com"]
[Date "2026.02.01"]
[Round "1"]
[White "Orosco"]
[Black "Nemesis"]
[WhiteElo "2220"]
[BlackElo "2119"]
[Result "1/2-1/2"]
1.e4 c5
2.Ng1f3 Nb8c6
3.d4 cxd4
4.Nf3xd4 Ng8f6
5.Nb1c3 e5
6.Nd4b5 d6
7.Bc1g5 a6
8.Nb5a3 b5
9.Bg5xf6 gxf6
10.Nc3d5 f5
11.exf5 Bc8xf5
12.c3 Bf8g7
13.Na3c2 O-O
14.Nc2e3 Bf5e6
15.Bf1d3 f5
16.O-O Kh8
17.Qd1h5 e4
18.Bd3c2 Nc6e7
19.Ra1d1 Be6f7
20.Qh5h3 Ne7xd5
21.Ne3xd5 Qd8g5
22.Qh3e3 Qg5h4
23.g3 Qh4g4
24.Bc2b3 Ra8e8
25.h3 Qg4xh3
26.Nd5f4 Qh3h6
27.Kg2 Bg7e5
28.Rf1h1 Qh6f6
29.Rh1h4 Re8e7
30.Rd1h1 Bf7xb3
31.axb3 Be5xf4
32.Qe3xf4 b4
33.Rh1d1 bxc3
34.Rd1xd6 Qf6g7
35.bxc3 Qg7xc3
36.Rh4h5 Qc3xb3
37.Rh5xf5 Qb3f3
38.Qf4xf3 exf3
39.Rf5xf3 Rf8xf3
40.Kxf3 Re7a7
41.Rd6d4 a5
42.Rd4a4 Kg7
43.Kf4 Kf6
44.g4 h6
45.Kg3 h5
46.f4 hxg4
47.Kxg4 Ra7g7
48.Kf3 Rg7a7
49.Kg4 Ra7g7
50.Kf3 Rg7a7
51.Ke2 Kf5
52.Ke3 Ra7e7
53.Kf3 Re7a7
54.Kg3 Ra7g7
55.Kf2 { nul }1/2-1/2

[Event "Coupe Niveau 2"]
[Site "www.echecsemail.com"]
[Date "2026.02.02"]
[Round "1"]
[White "Bertelsen"]
[Black "Woluwe1975"]
[WhiteElo "1690"]
[BlackElo "1650"]
[Result "1-0"]
1.e4 e6
2.Ng1f3 c5
3.d4 d5
4.c3 dxe4
5.Nf3e5 h6
6.Qd1g4 Ng8f6
7.Qg4h4 Bf8e7
8.Bc1g5 Nb8d7
9.Nb1d2 Nd7xe5
10.dxe5 Nf6g8
11.Bg5xe7 Ng8xe7
12.Nd2xe4 O-O
13.Bf1c4 Ne7d5
14.Qh4g3 Nd5b6
15.Bc4d3 c4
16.Ne4f6 Kh8
17.Nf6h5 Qd8g5
18.Qg3xg5 hxg5
19.Bd3e4 Nb6d5
20.Be4xd5 exd5
21.Nh5g3 g6
22.O-O-O Bc8e6
23.h4 g4
24.Ng3e2 Kg7
25.h5 Rf8h8
26.hxg6 fxg6
27.Ne2d4 Be6d7
28.e6 Bd7c8
29.Rh1xh8 Kxh8
30.Rd1e1 b6
31.e7 Bc8d7
32.Re1e5 Ra8e8
33.Kd2 a6
34.Ke3 Bd7f5
35.Kf4 Kg7
36.Nd4xf5 gxf5
37.Kxf5 Kf7
38.Kxg4 { abandon }1-0

[Event "Défi"]
[Site "www.echecsemail.com"]
[Date "2026.02.02"]
[Round "1"]
[White "Aigle12"]
[Black "4x4"]
[WhiteElo "1460"]
[BlackElo "1460"]
[Result "0-1"]
1.e3 e5
2.d3 d6
3.Ng1f3 Bc8g4
4.h3 Bg4xf3
5.Qd1xf3 Ng8f6
6.Nb1c3 Nb8c6
7.g3 g6
8.b3 Bf8g7
9.Bc1b2 Qd8d7
10.O-O-O O-O-O
11.Kb1 Kb8
12.Bf1g2 Kc8
13.Nc3b5 a6
14.Nb5c3 Nf6e8
15.Nc3d5 Nc6e7
16.Nd5b4 c6
17.d4 f6
18.dxe5 fxe5
19.h4 Ne8f6
20.g4 Qd7xg4
21.Qf3xg4 Nf6xg4
22.Bg2h3 h5
23.Rh1e1 Kc7
24.Re1f1 Bg7f6
25.Rd1e1 Ng4h2
26.Rf1h1 Nh2f3
27.Re1d1 Ne7f5
28.Bh3g2 Nf3xh4
 { temps }0-1

[Event "Tournoi échelle champions"]
[Site "www.echecsemail.com"]
[Date "2026.02.02"]
[Round "1"]
[White "Ephixe"]
[Black "Elghribi"]
[WhiteElo "1830"]
[BlackElo "1920"]
[Result "0-1"]
1.d4 Ng8f6
2.c4 g6
3.Nb1c3 Bf8g7
4.Bc1f4 O-O
5.Qd1d2 d6
6.Bf4h6 Nb8c6
7.Bh6xg7 Kxg7
8.e3 e5
9.d5 Nc6e7
10.Bf1d3 Nf6d7
11.Ng1e2 f5
12.b3 Ne7g8
13.Qd2b2 a6
14.f4 Qd8f6
15.fxe5 Nd7xe5
16.Qb2d2 Bc8d7
17.O-O Ra8e8
18.e4 Ne5xd3
19.Qd2xd3 Qf6e5
20.Ne2g3 f4
21.Ng3e2 g5
22.g3 Bd7h3
23.Rf1f2 Bh3g4
24.gxf4 Bg4xe2
25.Rf2xe2 Rf8xf4
26.Ra1f1 Rf4xf1
27.Kxf1 Ng8f6
28.Qd3g3 Nf6h5
29.Qg3g4 Nh5f4
30.Re2e3 Re8f8
31.Kg1 Kg6
32.Re3f3 h5
33.Qg4g3 h4
34.Qg3g4 Rf8f7
35.Kh1 Qe5d4
36.a4 Qd4d2
37.Nc3b1 Qd2d1
{ abandon }0-1

[Event "Suisse Sep25 R8"]
[Site "www.echecsemail.com"]
[Date "2026.02.02"]
[Round "1"]
[White "Maxchess"]
[Black "Nonotarn"]
[WhiteElo "2240"]
[BlackElo "2290"]
[Result "1-0"]
1.e4 e5
2.Ng1f3 Nb8c6
3.Bf1b5 f5
4.d3 d6
5.O-O Ng8f6
6.Nb1c3 Bf8e7
7.h3 O-O
8.a3 Kh8
9.Bb5c4 Nc6d4
10.exf5 Bc8xf5
11.Nf3xd4 exd4
12.Nc3e2 d5
13.Bc4b3 c5
14.Rf1e1 Ra8c8
15.Bc1f4 c4
16.Bb3a4 Be7c5
17.Bf4e5 a6
18.b4 Bc5a7
19.Be5xd4 Ba7b8
20.dxc4 dxc4
21.c3 Nf6e4
22.f4 Qd8h4
23.Ba4c2 Bb8xf4
24.Ne2xf4 Qh4xf4
25.Bc2xe4 Bf5xe4
26.Bd4xg7 Kxg7
27.Qd1d4 Qf4f6
28.Re1xe4  { temps }1-0

[Event "Eq:Les Gens du Sud-Les enfants de l Atlantide :"]
[Site "www.echecsemail.com"]
[Date "2026.02.02"]
[Round "1"]
[White "Harvir"]
[Black "Rachess"]
[WhiteElo "1990"]
[BlackElo "1540"]
[Result "1-0"]
1.e4 e6
2.d4 Nb8c6
3.Ng1f3 g6
4.d5 exd5
5.exd5 Qd8e7
6.Bf1e2 Nc6e5
7.O-O Ng8f6
8.Nf3xe5 Qe7xe5
9.Nb1c3 Bf8g7
10.Rf1e1 O-O
11.g3 d6
12.Bc1f4 Qe5e7
13.Bf4g5 Rf8e8
14.Be2b5 Qe7xe1
15.Qd1xe1 Re8xe1
16.Ra1xe1 Bc8h3
17.Re1e7 Nf6xd5
18.Nc3xd5 c6
19.Nd5c7 Ra8c8
20.Bb5e2 h6
21.Bg5e3 Kf8
22.Re7e8 Rc8xe8
23.Nc7xe8 Kxe8
24.g4 b6
25.f3 f5
26.Kf2 fxg4
27.fxg4 Bg7e5
28.Be3xh6 Be5xb2
29.Kg3 Bh3xg4
30.Kxg4 Bb2f6
31.Bh6g5 Bf6e5
32.h4 Kd7
33.Be2d3 Ke8
34.Bd3xg6 Kf8
35.Kf5 Kg7
36.h5 Kg8
37.Bg5f6 Be5xf6
38.Kxf6 d5
39.Ke5 Kg7
40.Kd6 c5
41.Kxd5  { temps }1-0

[Event "Défi"]
[Site "www.echecsemail.com"]
[Date "2026.02.02"]
[Round "1"]
[White "Tootsienet"]
[Black "Joelcouturier"]
[WhiteElo "1110"]
[BlackElo "1150"]
[Result "0-1"]
1.e4 e5
2.Ng1f3 b6
3.Nf3xe5 Qd8e7
4.d4 d6
5.Ne5c4 Ng8f6
6.f3 Qe7d8
7.Qd1e2 Nb8c6
8.Bc1f4 Bf8e7
9.g3 Nc6xd4
10.Qe2e3 Nd4xc2
11.Kf2 Nc2xe3
12.Bf4xe3 O-O
13.Nb1d2 Bc8a6
14.a4 d5
15.Nc4e5 Be7d6
16.Ne5c6 Qd8c8
17.Bf1h3 Qc8xh3
18.Ke1 Qh3g2
19.Rh1g1 Qg2xh2
20.e5 Nf6h5
21.exd6 Qh2e2
0-1

[Event "Tournoi n27329"]
[Site "www.echecsemail.com"]
[Date "2026.02.02"]
[Round "1"]
[White "Verson"]
[Black "Willkommen54"]
[WhiteElo "1880"]
[BlackElo "2020"]
[Result "0-1"]
1.d4 d5
2.Ng1f3 e6
3.e3 Ng8f6
4.Bf1d3 Bf8e7
5.Nb1d2 Nb8d7
6.O-O O-O
7.c3 c5
8.dxc5 Nd7xc5
9.Bd3c2 b5
10.Nd2b3 Bc8b7
11.Nb3xc5 Be7xc5
12.b3 Qd8c7
13.Qd1d3 a6
14.Nf3g5 g6
15.Bc1b2 Qc7e5
16.Ng5f3 Qe5c7
17.Ra1c1 Bc5e7
18.Bc2b1 Qc7d6
19.Rf1d1 Qd6b6
20.Rc1c2 Nf6e4
21.c4 bxc4
22.bxc4 dxc4
23.Qd3xc4 Ra8c8
24.Qc4d4 Qb6xd4
25.Rd1xd4 Rc8xc2
26.Bb1xc2 Ne4f6
27.e4 Rf8c8
28.Bc2b3 Bb7xe4
29.Nf3d2 Be4d5
30.h3 Bd5xb3
31.axb3 Rc8c2
32.Nd2c4 Nf6d5
33.Rd4d2 Rc2xd2
34.Nc4xd2 h5
35.Kf1 Nd5f4
36.f3 Nf4d3
37.Bb2c3 Kf8
38.g4 Nd3f4
39.Bc3e5 Nf4xh3
40.Kg2 Nh3g5
41.Nd2c4 hxg4
42.fxg4 Ng5e4
43.Kf3 Ne4c5
44.Nc4d2 Ke8
45.Be5f4 Nc5d3
46.Bf4e3 f6
47.Ke4 Nd3c5
48.Kd4 Nc5d7
49.Nd2c4 Be7c5
50.Ke4 Bc5xe3
51.Kxe3 Ke7
52.Kd4 g5
53.Nc4e3 Kd6
54.Ne3c4 Kc6
55.Nc4a3 Nd7e5
56.Na3c2 Ne5xg4
57.Nc2b4 Kb5
58.Nb4d3 Ng4h6
59.Ke4 g4
60.Kf4 e5
61.Ke4 a5
62.Ke3 Nh6f5
63.Kf2 Nf5d4
64.Kg3 e4
65.Nd3f2 f5
66.Kf4 Kb4
67.Ke5 g3
68.Nf2h3 e3
69.Kxd4 e2
{ abandon }0-1

[Event "2801"]
[Site "www.echecsemail.com"]
[Date "2026.02.02"]
[Round "1"]
[White "Katastrofic"]
[Black "Turbo"]
[WhiteElo "1460"]
[BlackElo "1360"]
[Result "1-0"]
1.e4 e5
2.Bf1c4 a6
3.a3 b5
4.Bc4a2 h6
5.h3 Bc8b7
6.d3 Bf8c5
7.b4 Qd8f6
8.bxc5 Qf6c6
9.Bc1e3 Ng8f6
10.Ng1f3 d6
11.Nf3h4 g5
12.Nh4f5 Nf6xe4
13.Qd1h5 Rh8h7
14.O-O Ne4f6
15.Qh5f3 Qc6xf3
16.gxf3 Bb7xf3
17.cxd6 Kd7
18.Be3c5 Nf6e8
19.dxc7 Ne8xc7
20.Bc5d6 Kc6
21.Bd6xc7 Kxc7
22.d4 g4
23.dxe5 gxh3
24.Kh2 Bf3g2
25.Rf1e1 Nb8c6
26.Nf5e3 Rh7g7
27.Ne3xg2 Rg7xg2
28.Kxh3 Ra8g8
29.Nb1c3 Rg2xf2
30.Re1g1 Nc6e7
31.Ba2b3 Rf2f5
32.Rg1xg8 Ne7xg8
33.e6 fxe6
34.Bb3xe6 { abandon }1-0

[Event "Défi"]
[Site "www.echecsemail.com"]
[Date "2026.02.02"]
[Round "1"]
[White "Berjay"]
[Black "Patau"]
[WhiteElo "1700"]
[BlackElo "1710"]
[Result "0-1"]
1.e4 e5
2.Ng1f3 Nb8c6
3.Bf1c4 Ng8f6
4.Nf3g5 d5
5.Bc4b3 Nc6d4
6.c3 Nd4xb3
7.Qd1xb3 h6
8.d3 hxg5
9.Bc1xg5 Bf8e7
10.Nb1d2 c6
11.g3 Qd8b6
12.Qb3c2 Bc8g4
13.O-O O-O-O
14.a4 Bg4e6
15.a5 Qb6c7
16.Bg5e3 dxe4
17.Be3xa7 exd3
18.Qc2a4 Qc7d6
19.a6 Nf6d5
20.Nd2c4 Qd6c7
21.Ba7e3 b5
22.Be3b6 bxa4
23.Bb6xc7 Kxc7
24.Ra1xa4 Be7c5
25.Rf1c1 Bc5a7
26.Nc4xe5 Rd8b8
27.c4 Nd5b4
28.Rc1d1 Rh8d8
29.Kf1 f6
30.Ne5f3 Be6xc4
31.Nf3d2 Rd8d4
32.b3 Bc4xa6
33.Nd2f3 Rd4d5
34.Nf3d2 Ba7c5
35.Nd2e4 Ba6b5
36.Ra4a1 d2
37.Kg1 Rb8d8
38.h4 Bc5d4
39.Ra1c1 Nb4d3
40.Rc1c2 Rd8e8
41.Ne4xd2 Bd4xf2
42.Kh2 Re8e2
43.Kh3 Re2e3
44.Nd2f1 Nd3f4
45.Kh2 Rd5xd1
46.Nf1xe3 Bf2xe3
47.Rc2c3 Be3g1
{ abandon }0-1

[Event "1801"]
[Site "www.echecsemail.com"]
[Date "2026.02.02"]
[Round "1"]
[White "4x4"]
[Black "Qsdmlk"]
[WhiteElo "1440"]
[BlackElo "1550"]
[Result "1-0"]
1.d4 Ng8f6
2.e3 e6
3.Bf1d3 Bf8b4
4.c3 Bb4a5
5.b4 Ba5b6
6.c4 a5
7.c5 Bb6a7
8.b5 b6
9.Nb1c3 O-O
10.Ng1f3 Rf8e8
11.Qd1e2 d6
12.c6 d5
13.a4 Qd8d6
14.Bc1d2 Qd6b4
15.O-O Qb4d6
16.Nf3e5 Re8e7
17.f4 Nf6e8
18.Qe2f3 f6
19.Ne5g4 Re7f7
20.Qf3g3 f5
21.Ng4h6 Kf8
22.Nh6xf7 Kxf7
23.h4 Ne8f6
24.Qg3h3 Nf6e4
25.Nc3xe4 dxe4
26.Bd3c2 Nb8xc6
27.g4 fxg4
28.Qh3xg4 Kg8
29.bxc6 Qd6xc6
30.Rf1c1 e5
31.f5 Bc8b7
32.Bc2xe4 Qc6xe4
33.Qg4xe4 Bb7xe4
34.Rc1xc7 Be4d3
35.dxe5 Ba7b8
36.Rc7e7 Bb8xe5
37.Re7xe5 Ra8d8
38.Ra1c1 Bd3e2
39.Rc1c2 Be2d3
40.Rc2b2 Rd8f8
41.Rb2xb6 g6
42.fxg6 Bd3xg6
43.Bd2xa5 Bg6c2
44.Re5g5 Kh8
45.Ba5c3 { abandon }1-0

[Event "Défi"]
[Site "www.echecsemail.com"]
[Date "2026.02.02"]
[Round "1"]
[White "Roidechecs"]
[Black "Ketchuplover"]
[WhiteElo "1270"]
[BlackElo "1660"]
[Result "0-1"]
1.e4 c5
2.Ng1f3 d6
3.d4 cxd4
4.Nf3xd4 a6
5.Nb1c3 Ng8f6
6.Bf1d3 g6
7.Qd1e2 Bf8g7
8.f3 O-O
9.g4 e5
10.h3 exd4
11.Nc3d5 Nf6xd5
12.Qe2g2 Qd8h4
13.Kd2 Bg7h6
14.Kd1 Bh6xc1
15.Ra1xc1 Nd5e3
16.Ke2 Ne3xg2
17.Rc1g1 Ng2f4
18.Kd2 Qh4f2
19.Kc1 Nf4xd3
20.cxd3 Bc8e6
21.Rg1f1 Rf8c8
22.Kd1 Qf2xb2
23.Rf1e1 Rc8c1
0-1

[Event "Défi( 20J+48H/c 20J Max )"]
[Site "www.echecsemail.com"]
[Date "2026.02.02"]
[Round "1"]
[White "Anumisme"]
[Black "Berthe"]
[WhiteElo "1120"]
[BlackElo "1720"]
[Result "0-1"]
1.d4 f5
2.Nb1c3 Ng8f6
3.Bc1g5 d5
4.e3 e6
5.Ng1f3 Bf8b4
6.Qd1d2 h6
7.Bg5h4 Nb8c6
8.a3 Bb4d6
9.g3 O-O
10.Bf1b5 Bc8d7
11.O-O-O Nc6a5
12.b4 Bd7xb5
13.Nc3xb5 Na5c6
14.Qd2c3 Qd8d7
15.Kb2 Nf6g4
16.Rh1f1 a6
17.Nb5xd6 Qd7xd6
18.Qc3c5 Ng4f6
19.Rd1d3 Nf6e4
20.Qc5xd6 Ne4xd6
21.Nf3d2 g5
22.Nd2f3 gxh4
23.Rf1g1 hxg3
24.Rg1xg3 Kf7
25.c3 Nd6c4
26.Kb3 a5
27.Rd3d1 a4
28.Ka2 Rf8h8
29.Rd1g1 Ke7
30.Rg3g7 Kd6
31.Rg7f7 Ra8g8
32.h4 Rg8xg1
33.Nf3xg1 Rh8g8
34.Ng1f3 Rg8g2
35.Kb1 Rg2xf2
36.Nf3e1 Rf2f1
37.Ka2 Rf1xe1
38.Rf7f6 Nc6e7
39.Rf6xh6 Re1xe3
40.Rh6h8 Re3xc3
41.Rh8d8 Kc6
42.h5 Rc3xa3
43.Kb1 Ra3b3
44.Ka2 Rb3b2
45.Ka1 a3
46.h6 Rb2h2
47.Rd8h8 f4
48.h7 f3
49.Rh8e8 Rh2xh7
50.Ka2 Rh7f7
51.Re8h8 f2
52.Rh8h1 f1Q
53.Rh1xf1 Rf7xf1
54.Kb3 Rf1f3
55.Ka2 Rf3f2
56.Kb1 Rf2b2
57.Ka1 Rb2g2
58.Kb1 Nc4d2
59.Ka2 Nd2c4
60.Ka1 e5
61.dxe5 d4
62.Kb1 d3
63.e6 d2
64.Kc2 d1Q
65.Kxd1 a2
66.Kc1 a1Q
0-1

[Event "Défi"]
[Site "www.echecsemail.com"]
[Date "2026.02.02"]
[Round "1"]
[White "Roquefort"]
[Black "Khamis"]
[WhiteElo "1860"]
[BlackElo "1920"]
[Result "1-0"]
1.e4 c5
2.f4 d5
3.e5 Bc8f5
4.Ng1f3 e6
5.Bf1e2 f6
6.O-O Ng8h6
7.c3 Bf8e7
8.d3 O-O
9.Nf3h4 Nb8c6
10.Nh4xf5 Nh6xf5
11.exf6 Be7xf6
12.Be2g4 Qd8b6
13.Bg4xf5 exf5
14.Nb1d2 c4
15.d4 Ra8e8
16.Nd2f3 Re8e4
17.Rf1e1 Rf8e8
18.Kh1 Nc6e7
19.Nf3e5 Re4xe1
20.Qd1xe1 Qb6d8
21.Bc1d2 Ne7c6
22.Qe1g3 Nc6xe5
23.fxe5 Bf6h4
24.Qg3f4 Re8f8
25.g3 Bh4e7
26.Ra1e1 h6
27.e6 Be7d6
28.Qf4f3 Bd6e7
29.Re1e5 Rf8f6
30.Re5xd5 Qd8b6
31.Rd5xf5 Qb6xe6
32.Rf5xf6 Be7xf6
33.Qf3xb7 Qe6e2
34.Qb7b8 Kh7
35.Qb8f4 Qe2d3
36.h4 Qd3b1
37.Bd2c1 a5
38.a3 a4
39.Kg2 Qb1c2
40.Kf3 Qc2d3
41.Kg4 Qd3e2
42.Kf5 Qe2h5
43.Ke4 Qh5g6
44.Qf4f5 Qg6xf5
45.Kxf5 Kg8
46.Bc1xh6 Bf6xh4
47.gxh4 gxh6
48.Kg6 h5
49.Kxh5 Kf7
50.Kg5 { abandon }1-0

[Event "Tournoi n27407"]
[Site "www.echecsemail.com"]
[Date "2026.02.02"]
[Round "1"]
[White "Wenoketo"]
[Black "Zadkine1"]
[WhiteElo "1740"]
[BlackElo "1700"]
[Result "1-0"]
1.d4 d5
2.Ng1f3 Ng8f6
3.Bc1f4 Nb8c6
4.Nb1c3 Bc8f5
5.e3 a6
6.Bf1d3 Bf5xd3
7.Qd1xd3 e6
8.h3 Bf8e7
9.O-O O-O
10.a3 Nf6h5
11.Bf4h2 Be7d6
12.Bh2xd6 Qd8xd6
13.Ra1e1 e5
14.dxe5 Nc6xe5
15.Nf3xe5 Qd6xe5
16.Qd3xd5 Qe5xd5
17.Nc3xd5 c6
18.Nd5c3 Ra8d8
19.Re1d1 Rd8xd1
20.Rf1xd1 g5
21.Rd1d7 b5
22.Rd7c7 a5
23.Rc7xc6 Rf8e8
24.Nc3xb5 f5
25.Rc6a6 Kg7
26.Ra6xa5 Nh5f6
27.Nb5d6 Re8d8
28.Nd6xf5 Kg6
29.g4 h5
30.Nf5d4 hxg4
31.hxg4 Nf6xg4
32.Nd4e6 Rd8d1
33.Kg2 Rd1d2
34.Ra5c5 Rd2xf2
35.Kg3 Kh5
36.Rc5xg5 { abandon }1-0

[Event "Eq:Les Rois du Succes-modesty :"]
[Site "www.echecsemail.com"]
[Date "2026.02.02"]
[Round "1"]
[White "Radiakov"]
[Black "Raoni"]
[WhiteElo "2790"]
[BlackElo "2720"]
[Result "1/2-1/2"]
1.e4 e5
2.Ng1f3 Nb8c6
3.Bf1b5 a6
4.Bb5a4 Ng8f6
5.O-O Bf8e7
6.Rf1e1 b5
7.Ba4b3 O-O
8.h3 Bc8b7
9.d3 d6
10.a3 Nc6a5
11.Bb3a2 c5
12.Nb1d2 h6
13.Nd2f1 Bb7c8
14.b4 Na5c6
15.c3 Bc8e6
16.Ba2xe6 fxe6
17.Bc1e3 Qd8d7
18.Qd1e2 cxb4
19.axb4 Rf8b8
20.Ra1a2 a5
21.bxa5 Ra8xa5
22.Ra2xa5 Nc6xa5
23.Re1a1 Na5c6
24.Nf1h2 b4
25.cxb4 Nc6xb4
26.Nh2g4 Qd7e8
27.Ng4xf6 Be7xf6
28.Ra1b1 Nb4c6
29.Rb1c1 Rb8c8
30.Rc1a1 Kh7
{ nul }1/2-1/2

[Event "CC Jan26"]
[Site "www.echecsemail.com"]
[Date "2026.02.02"]
[Round "1"]
[White "Alain64"]
[Black "Jerem51"]
[WhiteElo "2060"]
[BlackElo "2320"]
[Result "0-1"]
1.c4 Ng8f6
2.Nb1c3 e5
3.e3 Nb8c6
4.d4 exd4
5.exd4 Bf8b4
6.Ng1f3 d5
7.a3 Bb4xc3
8.bxc3 O-O
9.Bc1g5 Rf8e8
10.Bf1e2 dxc4
11.O-O Bc8e6
12.Bg5xf6 Qd8xf6
13.Qd1c2 Be6d5
14.Rf1e1 Re8e7
15.Be2f1 b5
16.Re1xe7 Qf6xe7
17.Ra1e1 Qe7xa3
18.Nf3g5 g6
19.Ng5e4 Kg7
20.Ne4c5 b4
21.cxb4 Qa3xb4
22.Nc5a6 Qb4xe1
{ abandon }0-1

[Event "Tournoi n27427"]
[Site "www.echecsemail.com"]
[Date "2026.02.02"]
[Round "1"]
[White "Tiounet"]
[Black "Hermite"]
[WhiteElo "1590"]
[BlackElo "1550"]
[Result "1-0"]
1.a3 d5
2.b4 e6
3.Bc1b2 Ng8f6
4.Ng1f3 c5
5.bxc5 Bf8xc5
6.e3 Bc5e7
7.g3 g6
8.Bf1g2 Nf6g4
9.Bb2xh8 f6
10.O-O Nb8d7
11.Nb1c3 Nd7c5
12.Nf3d4 Bc8d7
13.Qd1xg4 Qd8c7
14.Qg4h4 h5
15.Qh4f4 Qc7xf4
16.exf4 O-O-O
17.Bh8xf6 Be7xf6
18.Nd4e2 h4
19.Ra1b1 g5
20.d4 Nc5a6
21.Nc3a2 Rd8g8
22.f5 exf5
23.Bg2xd5 b6
24.Bd5xg8 { abandon }1-0

[Event "Défi( 10J+24H/c 10J Max )"]
[Site "www.echecsemail.com"]
[Date "2026.02.02"]
[Round "1"]
[White "Bertelsen"]
[Black "Hberlioz"]
[WhiteElo "1690"]
[BlackElo "1660"]
[Result "1-0"]
1.d4 d5
2.Ng1f3 Bc8f5
3.Nb1c3 Ng8f6
4.e3 Nb8c6
5.a3 Bf5g4
6.Bf1e2 Bg4xf3
7.Be2xf3 e6
8.Bc1d2 Bf8d6
9.h3 Qd8e7
10.O-O O-O-O
11.Nc3a2 e5
12.Bd2e1 e4
13.Bf3g4 Kb8
14.b4 h5
15.Bg4e2 g5
16.c3 g4
17.h4 Rd8g8
18.g3 Nf6d7
19.c4 dxc4
20.Be2xc4 Rg8g6
21.b5 Nc6d8
22.a4 b6
23.a5 Nd7f6
24.axb6 cxb6
25.Na2c1 Nd8e6
26.Nc1e2 Ne6g5
27.Kg2 Ng5f3
28.Qd1b3 Rg6g7
29.Be1c3 Nf6d7
30.Bc4d5 Nd7f6
31.Bd5c6 Rh8c8
32.Qb3a4 Rc8c7
33.Rf1c1 Qe7e6
34.Bc3b4 Bd6xb4
35.Qa4xb4 a5
36.Ra1xa5 bxa5
37.Qb4xa5 Rc7a7
38.Qa5b6 Kc8
39.Bc6d7 Kxd7
40.Qb6xa7 Ke8
41.Qa7b8 Ke7
42.Ne2f4 Qe6b3
43.Rc1c7 Nf6d7
44.b6 Qb3d1
45.Nf4d5 Kd6
46.Rc7c1 Kxd5
47.Qb8a8 Ke6
48.Qa8xe4 Nf3e5
49.d5 Ke7
50.Rc1xd1 f6
51.d6 Ke6
52.Qe4d5 Kf5
53.e4 Kg6
54.Rd1b1 { abandon }1-0